00360 a2200133 4500000002500000100002200025110002200047245005100069250002000120260003000140264003000170942000700200999001900207 nam a22 7a 4500 aRay, Ratnalekha  aRay, Ratnalekha  aChange in Bengal Agrarian Society c. 1760-1850 aLatest edition  bManohar Publicationc2025 bManohar Publicationc2025 cBK c394747d394747